000 00343nam a22001457a 4500
008 230621b ||||| |||| 00| 0 eng d
020 _a9780134758978
041 _aeng
080 _2FIRST EDITION
_a51
082 _a51WOO
100 _a22
101 _aMATE
245 _aINTERMEDIATE ALGEBRA A STEM APPROACH
_cWOODBURY.G
942 _2udc
_cBK
999 _c60016
_d60016